000 00569nam a2200157 i 4500
001 65231
003 ES-MaACL
005 20230906165327.0
007 t|
008 040109s1935 sp ||||1| spa d
100 1 _aFranck, Rudolf.
_952209
245 1 0 _aTratamientos dietéticos modernos
_b: un libro para el médico práctico /
_cpor Rudolf Franck ; traducción de la 2ª edición alemana corregida y ampliada por F. sánchez-Sarachaga.
260 _aBarcelona :
_b[s.n.,
_c1935] (
_fTall. Ibero-Americanos)
300 _a185 p. ;
_c23 cm.
852 _aES-MaACL
_jE-1387
999 _c65231
_d65231